Vermont High School Basketball: Top 50 Scorers - Statistics

General Stats
  • This quiz has been taken 5 times
  • The average score is 17 of 50
Answer Stats
# Player Points High School & Last Year Current Team % Correct
6 Josh Albee 2,058 Bellows Falls - 1995 Retired
80%
13 Justin Smith 1,794 Mill River - 1990 Retired
80%
5 Bernie Cieplicki 2,061 Rice - 1991 Retired in 1996
60%
2 Bruce Dalrymple 2,477 St. Johnsbury - 1983 Retired in 1988
60%
18 Calvin Carter 1,739 Enosburg - 2017 Retired
60%
8 Jamie Kingsbury 1,951 Oxbow - 1993 Retired
60%
7 Keith Cieplicki 2,049 Rice - 1981 Retired in 1985
60%
3 Matt Johnson 2,121 BFA-St. Albans - 1987 Retired in 1995
60%
38 Scott Reed 1,564 Fair Haven - 1991 Retired in 1995
60%
14 Todd Roberts 1,786 Fair Haven - 1997 Retired
60%
21 Tony Orciari 1,722 St. Johnsbury - 1997 Retired
60%
24 Billy Waller 1,692 Cabot - 1992 Retired
40%
43 Brad Johnson 1,523 Chelsea - 2002 Retired
40%
9 Brent Kendall 1,950 Milton - 1992 Retired
40%
39 Eric Carpenter 1,556 Spaulding - 1997 Retired
40%
29 Grant White 1,609 Springfield - 2009 Retired in 2014
40%
41 Kyle Adams 1,542 Mount Mansfield - 2015 Retired
40%
15 Matt George 1,774 Spaulding - 1994 Retired in 1998
40%
4 Matt St. Amour 2,064 Mississquoi - 2013 Retired in 2017
40%
48 Mike Johnson 1,484 BFA-St. Albans - 1982 Retired
40%
1 Pavin Parrish 2,479 Rochester - 2014 Retired in 2018
40%
23 Tim Shedd 1,695 Hazen - 2000 Retired
40%
37 Tyrone Conley 1,566 Burlington - 2007 Retired in 2011
40%
25 Alan Reed 1,674 Craftsbury - ???? Retired
20%
27 Andrew Shuman 1,636 Websterville - 2012 Retired
20%
19 Austin Masi 1,732 Craftsbury - 2017 Retired
20%
16 Austin Sayers 1,762 Mid Vermont Christian - 2014 Retired
20%
45 Darrel Maxwell 1,500+ Bradford Academy - 1968 Retired
20%
12 David Rosso 1,827 Twin Valley - 2006 Retired in 2010
20%
32 Dean Pierce 1,584 Rochester - 1998 Retired in 2002
20%
36 D.J. Campbell 1,572 Winooski - 2008 Retired
20%
35 Dwayne Lynaugh 1,578 Danville - 1964 Retired
20%
22 Gary Elmer 1,700+ Northfield - 1958 Retired
20%
10 George Huntington 1,900+ Bradford - 1959 Died in 2009
20%
26 Greg Hughes 1,655 West Rutland - 2008 Retired in 2012
20%
33 Jake Eaton 1,582 Rutland - 1999 Retired in 2006 - Football
20%
44 Jason Brigham 1,519 Enosburg Falls - 1992 Retired
20%
20 Jason Manwaring 1,731 Williamstown - 2014 Retired
20%
31 Jesse Epstein 1,597 Vergennes - 2003 Retired
20%
49 Joe O'Shea 1,480 Burlington - 2010 Saint Anselm Hawks - (Assistant Coach)
20%
46 John Wilkinson 1,500 Bennington - 1961 Died in 2019
20%
30 Josh Farnsworth 1,600+ Windsor - 1992 Retired
20%
47 Matt Sheftic 1,490 Essex - 1999 Retired in 2004
20%
17 Nathan Puffer 1,750 Blue Mountain - 1978 Retired
20%
28 Patrick Stephens 1,624 Richford - 2003 Retired
20%
50 Ryan Vanderstreet 1,474 Woodstock - 2003 Retired
20%
40 Scott Sheldon 1,549 Arlington - 2000 Retired
20%
34 Sean Dillon 1,581 MSJ - 1990 Retired
20%
11 Troy Walker 1,871 White River / South Royalton - 2019 Retired in 2021
20%
42 Tyler Kathan 1,525 Springfield - 2005 Retired
20%
No matching quizzes found
Score Distribution
Percent of People with Each Score
Percentile by Number Answered
Your Score History
You have not taken this quiz